000 00601nam a2200193Ia 4500
008 151121s9999||||xx |||||||||||||| ||und||
082 _a0
082 _bHNW-70318
100 _aगांधी मिलिंद
245 _aओठावरची शहरे
260 _b"सुविचार प्रकाशन, पुणे।"
260 _c--
300 _a55
600 _aगांधी मिलिंद
630 _aओठावरची शहरे
700 _aगांधी मिलिंद
730 _aओठावरची शहरे
942 _cBOOK
999 _c1251793
_d1251790